000
00281nam a2200121Ia 4500
003
GCL
008
140319s9999 xx 000 0 ara d
040
_a
GCL /
_c
GCL
082
0
4
_a
813.01
_b
ى ب
245
1
0
_a
البطل : مجموعة قصص مصرية
300
_a
92 ص
490
_a
999
_c
39839
_d
39839